Library Banner

The one thing you need to know (Record no. 38874)

MARC details
000 -LEADER
fixed length control field 00496nam a2200169Ia 4500
001 - CONTROL NUMBER
control field 39567
008 - FIXED-LENGTH DATA ELEMENTS--GENERAL INFORMATION
fixed length control field 140423s9999 xx 000 0 und d
020 ## - INTERNATIONAL STANDARD BOOK NUMBER
International Standard Book Number 1416502963
040 ## - CATALOGING SOURCE
Transcribing agency PK-LaUMT
082 ## - DEWEY DECIMAL CLASSIFICATION NUMBER
Classification number 658.409
Item number BUC-O
100 ## - MAIN ENTRY--PERSONAL NAME
Personal name Buckingham, Marcus
245 #4 - TITLE STATEMENT
Title The one thing you need to know
Remainder of title about great managing, great leading, and sustained individual success
Statement of responsibility, etc Buckingham, Marcus
260 ## - PUBLICATION, DISTRIBUTION, ETC. (IMPRINT)
Place of publication, distribution, etc London,UK:
Name of publisher, distributor, etc Simon & Schuster,
Date of publication, distribution, etc 2006
300 ## - PHYSICAL DESCRIPTION
Extent 289 p.
546 ## - LANGUAGE NOTE
Language note EN
942 ## - ADDED ENTRY ELEMENTS (KOHA)
Koha item type Books
Holdings
Withdrawn status Lost status Damaged status Not for loan Home library Current library Date acquired Total Checkouts Full call number Barcode Date last seen Price effective from Koha item type
        UMT Main Campus UMT Main Campus 2014-04-23   658.409 BUC-O 42557 2014-05-05 2014-05-05 Books